| 000 | 00419pab a2200145 454500 | ||
|---|---|---|---|
| 008 | 180718b2000 xxu||||| |||| 00| 0 eng d | ||
| 100 | _aSingh, Jaivir | ||
| 245 | _aMonopolies trade practices and concentration of economic power: some conceptual problems in MRTP Act | ||
| 260 | _c2000 | ||
| 300 | _ap.4437-444 | ||
| 362 | _a9 Dec | ||
| 650 | _aMonopolies | ||
| 773 | _aEconomic and Political Weekly | ||
| 909 | _a47034 | ||
| 999 |
_c47034 _d47034 |
||